000 01601nam a2200469 i 4500
001 54996
003 KOSZ 005
005 20200720124940.0
008 200720s2004 pl a f 000 0 pol
015 _aUWD 2005/5305
020 _a8386524898
035 _a991026413339705066
035 _a(PL-WaBN)b17180314-48omnis_nlop
035 _ab17180314
035 _a(OCoLC)830636362
035 _a(PL)b0000001718031
035 _a(EXLNZ-48OMNIS_NETWORK)9910074881005606
040 _aWA N
_cWA N
_dKOSZ 005/RW
046 _k2004
080 _a631.35
080 _a(075.8)
100 1 _aMarks, Norbert
_d(1942- )
_eAutor
245 1 0 _aMaszyny rolnicze.
_nCz. 2,
_pMaszyny do zbioru ziemiopłodów /
_cNorbert Marks.
260 _aKraków :
_bWydawnictwo Akademii Rolniczej,
_c2004.
300 _a379 stron :
_bfotografie, rysunki, wykresy ;
_c24 cm.
336 _aTekst
_btxt
_2rdacontent
337 _aBez urządzenia pośredniczącego
_bn
_2rdamedia
338 _aWolumin
_bnc
_2rdacarrier
380 _aKsiążki
380 _aPublikacje dydaktyczne
388 1 _a2001-
504 _aBibliografia na stronie 379.
650 7 _aRolnictwo
_2DBN
650 7 _aMaszyny i narzędzia rolnicze
655 7 _aPodręczniki akademickie
_2DBN
658 _aInżynieria i technika
658 _aRolnictwo i leśnictwo
710 2 _aWydawnictwo Akademii Rolniczej im. Hugona Kołłątaja
_4pbl
856 _uhttp://koha.tu.koszalin.pl/cgi-bin/koha/opac-detail.pl?biblionumber=54996
_yKatalog online BPK
942 _2UKD
_cKS
999 _c54996
_d54996